| 000 | 00992nam a22003137a 4500 | ||
|---|---|---|---|
| 003 | CHAP | ||
| 005 | 20220329135747.0 | ||
| 008 | 971013s1980 r 00010 d | ||
| 010 | _a41646 | ||
| 011 | _a42618 | ||
| 035 | _a46747 | ||
| 040 | _cCHAP | ||
| 090 | _aTesis | ||
| 100 | 0 | 0 |
_aMuñoz Santiago, Antonio. _979680 |
| 245 | _aHongos destructores de la madera | ||
| 260 |
_aMonterrey, N.L. : _bEl autor, _c1980 |
||
| 300 |
_a13 h. _b; apénd |
||
| 502 | _aTesis (Ing. Agrónomo Fitotecnista) -- Univ. Autónoma de Nuevo León. Fac. de Agronmía | ||
| 590 |
_aALEPH _b10 _c20130110 _lUCH01 _h1310 |
||
| 590 |
_aBATCH-UPD _b10 _c20130110 _lUCH01 _h0224 |
||
| 590 |
_aBATCH-UPD _b10 _c20130110 _lUCH01 _h1714 |
||
| 590 |
_aBATCH-UPD _b10 _c20130409 _lUCH01 _h2245 |
||
| 590 |
_aBATCH-UPD _b10 _c20130914 _lUCH01 _h1738 |
||
| 590 |
_aCONVERSION _b10 _c20130109 _lUCH01 _h1323 |
||
| 650 | 1 | 4 |
_aMadera _xHongos. _969608 |
| 901 | _aBK | ||
| 942 | _cTESIS | ||
| 949 |
_bBC _cTES _d-106508 _eTS1 _i46747 _si |
||
| 999 |
_c41646 _d41646 |
||